[Event "EUSKADI 2011"]
[Site "Zornotza, BIZKAIA - SPAIN"]
[Date "2011.04.23"]
[Round "1"]
[White "Franco Alonso, Alejandro"]
[Black "Diez Fraile, David"]
[Result "1-0"]
[WhiteElo "2489"]
[BlackElo "2165"]
[EventDate "2011.04.23"]
[PlyCount "22"]

1.Nf3 Nf6 2.c4 g6 3.Nc3 Bg7 4.e4 d6 5.d4 O-O 6.Be2 e5 7.Be3 Ng4 8.Bg5 f6 
9.Bh4 Qe8 10.O-O Nc6 11.d5 Ne7 12.Nd2 Nh6 13.f3 g5 14.Bf2 f5 15.c5 f4 16.
Nb5 Qg6 17.Nxc7 g4 18.cxd6 Nef5 19.exf5 Qxf5 20.Nxa8 g3 21.Nc7 gxf2+ 22.
Rxf2 1-0

[Event "EUSKADI 2011"]
[Site "Zornotza, BIZKAIA - SPAIN"]
[Date "2011.04.23"]
[Round "1"]
[White "Agirretxe San Sebastian, Jesus"]
[Black "Gomez Esteban, Juan Mario"]
[Result "0-1"]
[WhiteElo "2165"]
[BlackElo "2477"]
[EventDate "2011.04.23"]
[PlyCount "10"]

1.d4 d5 2.Nf3 Nf6 3.c4 c6 4.Qc2 dxc4 5.Qxc4 Bf5 6.e3 e6 7.Be2 Nbd7 8.O-O 
Bd6 9.Bd2 Qe7 10.Nc3 O-O 11.Nh4 Bg4 12.e4 b5 13.Qxc6 b4 14.Bxg4 bxc3 15.
Bg5 cxb2 16.Rab1 h6 17.Bxf6 Nxf6 18.Bf3 Rac8 19.Qa6 Nxe4 20.Rxb2 Bxh2+ 21.
Kxh2 Qxh4+ 22.Kg1 Ng5 23.Bb7 Qxd4 24.Rfb1 Rc4 25.Rd2 Qxd2 26.Qxc4 Rd8 27.
a4 g6 28.Qc7 a5 29.Qb6 Rd4 30.Bc6 Kg7 31.Qb8 Qf4 32.g3 Qxb8 33.Rxb8 Rc4 
34.Rb6 Ne4 35.Ra6 Nc3 36.Be8 Kf8 37.Ra8 Ke7 38.Kg2 Nxa4 39.Bb5 Rb4 40.Rxa5
Nc5 41.Ra7+ Kf6 42.Bc6 Rb6 0-1

[Event "EUSKADI 2011"]
[Site "Zornotza, BIZKAIA - SPAIN"]
[Date "2011.04.23"]
[Round "1"]
[White "Huerga Leache, Mikel"]
[Black "Padilla Cabero, Pablo"]
[Result "1-0"]
[WhiteElo "2440"]
[BlackElo "2147"]
[EventDate "2011.04.23"]
[PlyCount "1"]

1.e4 d6 2.d4 f5 3.Nc3 Nf6 4.Bd3 fxe4 5.Nxe4 Nc6 6.Nxf6+ exf6 7.Qh5+ g6 8.
Bxg6+ hxg6 9.Qxh8 Qe7+ 10.Be3 Nb4 11.Kd2 Bf5 12.Qg8 O-O-O 13.Nf3 d5 14.Nh4
Qe4 15.Nxf5 Qxc2+ 16.Ke1 Qxf5 17.Rc1 Nxa2 18.Ke2 Qg4+ 19.Kd3 Qe4+ 20.Ke2 
Nxc1+ 21.Rxc1 Qe8 22.Qh7 Bd6 23.Qg7 f5 24.g3 Rd7 25.Qf6 Qf7 26.Qxf7 Rxf7 
27.Kf3 Kd7 28.Bf4 Re7 29.h4 Re4 30.Be3 b6 31.h5 gxh5 32.Rh1 h4 33.Rxh4 
Rxh4 34.gxh4 c5 35.Bf4 Bf8 36.h5 cxd4 37.Ke2 Ke6 38.Kd3 Bg7 39.h6 Bf6 40.
Bb8 Kd7 41.f4 a5 42.Be5 Ke6 43.h7 1-0

[Event "EUSKADI 2011"]
[Site "Zornotza, BIZKAIA - SPAIN"]
[Date "2011.04.23"]
[Round "1"]
[White "Wu Martin, Eneko"]
[Black "Gonzalez De La Torre, Santiago"]
[Result "0-1"]
[WhiteElo "2136"]
[BlackElo "2425"]
[EventDate "2011.04.23"]
[PlyCount "1"]

1.e4 c5 2.Nf3 Nc6 3.d4 cxd4 4.Nxd4 g6 5.Be3 Nf6 6.Nc3 Bg7 7.Be2 O-O 8.O-O 
d5 9.exd5 Nxd5 10.Nxd5 Qxd5 11.Bf3 Qa5 12.Nxc6 bxc6 13.c3 Rb8 14.Qc1 c5 
15.Rd1 Be6 16.Bd5 Bg4 17.f3 Bf5 18.Re1 Qc7 19.Bg5 c4 20.Bxe7 Rfe8 21.Ba3 
Be5 22.Qh6 Bf4 23.Qh4 Qb6+ 24.Kh1 g5 25.Qh5 Bg6 26.Qg4 Qb5 27.g3 h5 28.Qh3
Bd2 29.Rxe8+ Rxe8 30.Be4 Rxe4 31.fxe4 Bxe4+ 32.Kg1 Qb6+ 33.Kf1 Bd3+ 34.Kg2
Qc6+ 0-1

[Event "EUSKADI 2011"]
[Site "Zornotza, BIZKAIA - SPAIN"]
[Date "2011.04.23"]
[Round "1"]
[White "Argandoña Riveiro, Iñigo"]
[Black "Diaz Herrero, Alvaro"]
[Result "1-0"]
[WhiteElo "2389"]
[BlackElo "2126"]
[EventDate "2011.04.23"]
[PlyCount "10"]

1.Nf3 Nf6 2.c4 e6 3.g3 b6 4.Bg2 Bb7 5.O-O c5 6.Nc3 Be7 7.d4 cxd4 8.Qxd4 d6
9.Rd1 a6 10.Bg5 Nbd7 11.Qd2 O-O 12.Bf4 Ne8 13.Rac1 Rc8 14.b3 Qc7 15.Qe3 
Qc5 16.Nd5 Bd8 17.Bh3 Ndf6 18.Bxd6 Nxd6 19.Qxc5 Rxc5 20.Nxf6+ Bxf6 21.Rxd6
b5 22.Nd2 bxc4 23.Rxc4 Rxc4 24.Nxc4 Rd8 25.Bg2 Bc8 26.Bc6 Kf8 27.Rxd8+ 
Bxd8 28.Nb6 1-0

[Event "EUSKADI 2011"]
[Site "Zornotza, BIZKAIA - SPAIN"]
[Date "2011.04.23"]
[Round "1"]
[White "Urretavizcaya Merino, Asier"]
[Black "Astasio Lopez, David"]
[Result "0-1"]
[WhiteElo "2120"]
[BlackElo "2330"]
[EventDate "2011.04.23"]
[PlyCount "10"]

1.d4 d5 2.Bf4 c5 3.e3 Nc6 4.Nf3 Nf6 5.c3 Qb6 6.Qb3 c4 7.Qc2 Bf5 8.Qc1 Nh5 
9.Bg5 h6 10.Bh4 g5 11.Bg3 Nxg3 12.hxg3 Bg7 13.Nbd2 Qc7 14.b3 cxb3 15.axb3 
O-O 16.Bb5 a6 17.Bxc6 Qxc6 18.Ne5 Qe6 19.Nef3 Rac8 20.Qb2 Bd3 21.Rc1 Rc6 
22.Nb1 Rfc8 23.Kd2 Be4 24.Ne1 Qf5 25.f3 Bxb1 26.Qxb1 Qxb1 27.Rxb1 Rxc3 28.
f4 e6 29.Rf1 Bf8 30.f5 Bb4 31.Ke2 Rc1 32.Rxc1 Rxc1 33.Nd3 Rc2+ 34.Kf3 Bd6 
35.fxe6 fxe6 36.b4 h5 37.g4 hxg4+ 38.Kxg4 Rxg2+ 39.Kh5 Kg7 40.Nc5 Bxc5 41.
bxc5 Rg3 42.Rb1 Kf6 43.Rf1+ Kg7 44.Rb1 g4 45.Rxb7+ Kf6 46.Rb3 Rg1 47.Ra3 
Kf5 48.Kh4 Rh1+ 49.Kg3 Rh7 50.Rb3 Ra7 0-1

[Event "EUSKADI 2011"]
[Site "Zornotza, BIZKAIA - SPAIN"]
[Date "2011.04.23"]
[Round "1"]
[White "Arce Balluerca, Jorge"]
[Black "Limeres Guiance, Cristobal"]
[Result "1/2-1/2"]
[WhiteElo "2068"]
[BlackElo "2255"]
[EventDate "2011.04.23"]
[PlyCount "12"]

1.Nf3 f5 2.g3 Nf6 3.Bg2 e6 4.O-O d5 5.b3 Bd6 6.Bb2 O-O 7.d3 Nc6 8.c4 Qe7 
9.Nc3 a6 10.e3 Bd7 11.Re1 Qf7 12.Ng5 Qg6 1/2-1/2

[Event "EUSKADI 2011"]
[Site "Zornotza, BIZKAIA - SPAIN"]
[Date "2011.04.23"]
[Round "1"]
[White "Prieto Aranguren, Alain"]
[Black "Hernandez Perez, Jesus"]
[Result "1-0"]
[WhiteElo "2219"]
[BlackElo "2040"]
[EventDate "2011.04.23"]
[PlyCount "31"]

1.d4 d5 2.c4 c6 3.e3 Nf6 4.Nc3 e6 5.Nf3 Bd6 6.Bd3 Nbd7 7.O-O O-O 8.e4 dxe4
9.Nxe4 Nxe4 10.Bxe4 Nf6 11.Bc2 b6 12.Bg5 Be7 13.Qd3 g6 14.Rad1 Bb7 15.Qe2 
Re8 16.Ne5 Nd7 17.Qf3 Nxe5 18.dxe5 Qc7 19.Bxe7 c5 20.Bd6 Bxf3 21.Bxc7 Bxd1
22.Rxd1 Rac8 23.Rd7 Kg7 24.Be4 Rxc7 25.Rxc7 Rd8 26.g3 Rd2 27.Rxa7 Rxb2 28.
Bc6 Re2 29.Bb5 Rxe5 30.Rb7 Re2 31.a4 1-0

[Event "EUSKADI 2011"]
[Site "Zornotza, BIZKAIA - SPAIN"]
[Date "2011.04.23"]
[Round "1"]
[White "Irure Crespo, Egoitz"]
[Black "Guijarro Galan, Jose Luis"]
[Result "0-1"]
[WhiteElo "2000"]
[BlackElo "2206"]
[EventDate "2011.04.23"]
[PlyCount "10"]

1.d4 e6 2.e4 d5 3.exd5 exd5 4.Bf4 Nf6 5.c3 Bd6 6.Bxd6 Qxd6 7.Bd3 O-O 8.Ne2
Nc6 9.O-O Ng4 10.Ng3 f5 11.h3 f4 12.hxg4 fxg3 13.fxg3 Rxf1+ 14.Bxf1 Qxg3 
15.Qf3 Qxg4 16.Qxd5+ Be6 17.Qb5 0-1

[Event "EUSKADI 2011"]
[Site "Zornotza, BIZKAIA - SPAIN"]
[Date "2011.04.23"]
[Round "1"]
[White "Alcaide Luque, Aitor"]
[Black "Idiazabal Troyas, Aritz"]
[Result "1-0"]
[WhiteElo "2192"]
[BlackElo "1985"]
[EventDate "2011.04.23"]
[PlyCount "50"]

1.d4 Nf6 2.c4 e6 3.Nc3 Bb4 4.e3 O-O 5.Ne2 Re8 6.g3 d5 7.Qb3 a5 8.Bg2 c6 9.
O-O b6 10.cxd5 exd5 11.Nf4 Ba6 12.Rd1 Ra7 13.Nd3 c5 14.dxc5 bxc5 15.Nxb4 
Bc4 16.Qa4 cxb4 17.Nxd5 Nxd5 18.Bxd5 Rd7 19.Bf3 Ree7 20.Qc2 Rxd1+ 21.Qxd1 
Rd7 22.Qc2 Rc7 23.e4 Bb5 24.Qb3 Nc6 25.Be3 a4 26.Qd5 Qf6 27.Bf4 Rb7 28.Rc1
h6 29.Rc5 g5 30.e5 Qe7 31.Be3 Rd7 32.Qe4 Na7 33.Bg4 Bd3 34.Qxb4 Rb7 35.Qc3
Be4 36.Be2 Nc6 37.f3 Rb4 38.fxe4 1-0

[Event "EUSKADI 2011"]
[Site "Zornotza, BIZKAIA - SPAIN"]
[Date "2011.04.23"]
[Round "1"]
[White "Miguelez Garcia, Erlantz"]
[Black "Villalta Bustillo, Igor"]
[Result "1-0"]
[WhiteElo "1957"]
[BlackElo "2182"]
[EventDate "2011.04.23"]
[PlyCount "30"]

1.c4 e6 2.Nc3 d5 3.cxd5 exd5 4.d4 c5 5.Nf3 Nc6 6.g3 Nf6 7.Bg2 Be7 8.O-O 
O-O 9.Bg5 c4 10.Ne1 Be6 11.Nc2 Qa5 12.Qd2 Rad8 13.f3 h6 14.Bf4 Nh5 15.Be3 
Rfe8 16.g4 Nf6 17.g5 hxg5 18.Bxg5 b5 19.a3 Qb6 20.Qf4 Nh5 21.Qh4 Bxg5 22.
Qxg5 g6 23.e3 Bf5 24.Nb4 Ne7 25.e4 dxe4 26.fxe4 Rxd4 27.Kh1 Bd7 28.Nbd5 
Nxd5 29.Nxd5 Qd8 30.Qh6 Be6 31.Rad1 Rxd1 32.Rxd1 Bxd5 33.Rxd5 Qh4 34.Qe3 
a6 35.e5 Nf6 36.Rd4 Ng4 37.Qg3 Qxg3 38.hxg3 Nxe5 39.Bb7 Re6 40.Re4 Nd3 41.
Rxe6 fxe6 42.Bxa6 Nxb2 43.Bb7 c3 44.Be4 1-0

[Event "EUSKADI 2011"]
[Site "Zornotza, BIZKAIA - SPAIN"]
[Date "2011.04.23"]
[Round "1"]
[White "Arias Garcia, Luis Javier"]
[Black "Cendagortagalarza Rodriguez, Jo"]
[Result "1-0"]
[WhiteElo "2178"]
[BlackElo "1696"]
[EventDate "2011.04.23"]
[PlyCount "20"]

1.d4 e5 2.dxe5 Nc6 3.Nf3 Nge7 4.c4 Ng6 5.e3 Ngxe5 6.Nc3 d6 7.Be2 g6 8.b3 
Bg7 9.Bb2 Be6 10.Qd2 O-O 11.h4 Nxf3+ 12.Bxf3 a5 13.h5 Ne5 14.Bxb7 Bxc4 15.
Bxa8 Nd3+ 16.Kf1 Ba6 17.Bb7 Nxf2+ 18.Kxf2 Bxb7 19.Kg1 d5 20.h6 1-0

[Event "EUSKADI 2011"]
[Site "Zornotza, BIZKAIA - SPAIN"]
[Date "2011.04.24"]
[Round "2"]
[White "Martin Alvarez, Iñigo"]
[Black "Franco Alonso, Alejandro"]
[Result "1/2-1/2"]
[WhiteElo "2316"]
[BlackElo "2489"]
[EventDate "2011.04.23"]
[PlyCount "10"]

1.e4 c5 2.Nf3 e6 3.d4 cxd4 4.Nxd4 Nf6 5.Nc3 d6 6.Be3 a6 7.Qd2 b5 8.f3 Nbd7
9.g4 Nb6 10.a4 Nc4 11.Bxc4 bxc4 12.O-O Bb7 13.a5 Be7 14.Na4 Nd7 15.Ne2 Rc8
16.Bf4 Qc7 17.Rad1 Bc6 18.Nac3 Ne5 19.Qd4 Qxa5 20.Kg2 Qc7 21.Bxe5 dxe5 22.
Qxc4 Bb7 23.Qxc7 Rxc7 24.Rd3 Bf8 1/2-1/2

[Event "EUSKADI 2011"]
[Site "Zornotza, BIZKAIA - SPAIN"]
[Date "2011.04.24"]
[Round "2"]
[White "Gomez Esteban, Juan Mario"]
[Black "Prieto Aranguren, Alain"]
[Result "1-0"]
[WhiteElo "2477"]
[BlackElo "2219"]
[EventDate "2011.04.23"]
[PlyCount "10"]

1.d4 d5 2.c4 Nc6 3.Nc3 dxc4 4.Nf3 Bg4 5.d5 Bxf3 6.exf3 Ne5 7.Bf4 Ng6 8.
Bxc4 Nf6 9.Bg3 a6 10.O-O b5 11.Bxb5+ axb5 12.Nxb5 Rc8 13.Qa4 Qd7 14.Rfd1 
Kd8 15.Rac1 Ne8 16.Qa5 Nd6 17.Na7 Ra8 18.b4 Rxa7 19.Qxa7 e5 20.dxe6 fxe6 
21.Qb8+ Qc8 22.Qxc8+ 1-0

[Event "EUSKADI 2011"]
[Site "Zornotza, BIZKAIA - SPAIN"]
[Date "2011.04.24"]
[Round "2"]
[White "Guijarro Galan, Jose Luis"]
[Black "Huerga Leache, Mikel"]
[Result "0-1"]
[WhiteElo "2206"]
[BlackElo "2440"]
[EventDate "2011.04.23"]
[PlyCount "10"]

1.e4 c5 2.Nf3 Nc6 3.Nc3 e5 4.Bb5 d6 5.d3 Be7 6.h3 Nf6 7.Be3 O-O 8.Bc4 Na5 
9.Qe2 a6 10.a3 b5 11.Ba2 Be6 12.Bg5 Nh5 13.Qd2 Bxg5 14.Nxg5 Bxa2 15.Nxa2 
Nc6 16.Nf3 Nf4 17.g4 Qf6 18.O-O-O Qe6 19.Kb1 a5 20.Nc1 a4 21.d4 cxd4 22.
Nd3 Nxd3 23.cxd3 Qf6 24.Nh2 b4 25.Rc1 Na5 26.g5 Qe6 27.Qxb4 Rfb8 28.Qxa4 
Nb3 29.Qc6 Nxc1 30.Rxc1 Qxh3 0-1

[Event "EUSKADI 2011"]
[Site "Zornotza, BIZKAIA - SPAIN"]
[Date "2011.04.24"]
[Round "2"]
[White "Gonzalez De La Torre, Santiago"]
[Black "Alcaide Luque, Aitor"]
[Result "1-0"]
[WhiteElo "2425"]
[BlackElo "2192"]
[EventDate "2011.04.23"]
[PlyCount "10"]

1.e4 e6 2.d4 d5 3.Nc3 Bb4 4.e5 c5 5.a3 Bxc3+ 6.bxc3 Qa5 7.Bd2 Qa4 8.Qb1 c4
9.h4 Nc6 10.h5 Bd7 11.h6 Nxh6 12.Bxh6 gxh6 13.Ne2 O-O-O 14.Rxh6 Rdg8 15.
Rf6 Be8 16.Qb2 Rg6 17.Rf4 f6 18.exf6 Rf8 19.g3 Rgxf6 20.Bh3 Bd7 21.O-O-O 
Qa5 22.Kb1 Qd8 23.Re1 Kb8 24.Ka2 e5 25.Rxf6 Rxf6 26.Bxd7 Qxd7 27.dxe5 Nxe5
28.Nd4 Rb6 29.Qxb6 axb6 30.Rxe5 Qf7 31.Rf5 Qe7 32.g4 Kc8 33.Kb2 Qg7 34.g5 
Qg8 35.f4 h5 36.Rf6 Kd7 37.Rh6 Qb8 38.Rh7+ Kd6 39.Rxh5 Kc5 40.f5 Qe8 41.g6
b5 42.Rh7 b6 43.g7 1-0

[Event "EUSKADI 2011"]
[Site "Zornotza, BIZKAIA - SPAIN"]
[Date "2011.04.24"]
[Round "2"]
[White "Villalta Bustillo, Igor"]
[Black "Argandoña Riveiro, Iñigo"]
[Result "0-1"]
[WhiteElo "2182"]
[BlackElo "2389"]
[EventDate "2011.04.23"]
[PlyCount "10"]

1.e4 c6 2.d4 g6 3.Be2 d5 4.e5 Bg7 5.Nc3 b5 6.Bf4 f6 7.Nf3 Nh6 8.h4 Nf7 9.
Qd2 Be6 10.Qe3 Qd7 11.O-O-O f5 12.Ng5 Nxg5 13.hxg5 Qc7 14.Rh3 Qa5 15.Rdh1 
b4 16.Nb1 Nd7 17.Rxh7 Rxh7 18.Rxh7 Kf7 19.g4 Nf8 20.Rh4 Qxa2 21.gxf5 Bxf5 
22.Bd3 Bxd3 23.Qxd3 e6 24.Bd2 a5 25.Rf4+ Kg8 26.Qxg6 Qc4 27.b3 Qf1+ 28.Kb2
Qxf2 29.Rxf8+ Kxf8 30.Qxe6 Qxd4+ 31.c3 Qxe5 32.Qxc6 Rb8 33.Qc5+ Kg8 34.
Qxa5 bxc3+ 35.Nxc3 Rc8 36.Ka2 d4 37.Qxe5 Bxe5 38.Ne4 d3 39.Ka3 Kg7 40.b4 
Rc2 41.Kb3 Kg6 42.Bc3 Kf5 0-1

[Event "EUSKADI 2011"]
[Site "Zornotza, BIZKAIA - SPAIN"]
[Date "2011.04.24"]
[Round "2"]
[White "Astasio Lopez, David"]
[Black "Arias Garcia, Luis Javier"]
[Result "1/2-1/2"]
[WhiteElo "2330"]
[BlackElo "2178"]
[EventDate "2011.04.23"]
[PlyCount "10"]

1.d4 Nf6 2.Nf3 g6 3.Nbd2 d5 4.e3 Bg7 5.b4 b6 6.Bb2 O-O 7.Be2 Bb7 8.O-O Qd6
9.b5 c5 10.bxc6 Nxc6 11.c4 Rac8 12.a4 Na5 13.Ba3 Qd8 14.Rc1 dxc4 15.Nxc4 
Nxc4 16.Bxc4 Ne4 17.Qb3 Rc7 18.Rfd1 Nd6 19.Bf1 Rxc1 20.Rxc1 Qa8 21.Rc7 Bd5
22.Qd3 Rc8 23.Qc2 Rxc7 24.Qxc7 Bxf3 25.gxf3 Qxf3 26.Bxd6 exd6 27.h3 Bf6 
28.Qxd6 Bh4 29.Qh2 h5 30.Qg2 Qxg2+ 31.Kxg2 Kf8 32.f4 f5 33.Kf3 Ke7 34.Bb5 
Bf6 35.Bd3 Bh4 36.Bb5 Be1 37.Ke2 Bg3 38.Kd3 Bf2 39.d5 Be1 40.d6+ Kxd6 41.
Be8 h4 42.Bxg6 Ke6 43.Be8 Ke7 44.Kd4 1/2-1/2

[Event "EUSKADI 2011"]
[Site "Zornotza, BIZKAIA - SPAIN"]
[Date "2011.04.24"]
[Round "2"]
[White "Limeres Guiance, Cristobal"]
[Black "Diez Fraile, David"]
[Result "1-0"]
[WhiteElo "2255"]
[BlackElo "2165"]
[EventDate "2011.04.23"]
[PlyCount "27"]

1.d4 Nf6 2.c4 g6 3.Nc3 Bg7 4.e4 d6 5.Nge2 e5 6.d5 Na6 7.Qc2 h5 8.f3 c6 9.
Be3 cxd5 10.cxd5 O-O 11.Nc1 Bd7 12.Be2 h4 13.O-O Nh5 14.Nd3 Kh7 15.Qd2 Rg8
16.f4 exf4 17.Nxf4 Nxf4 18.Rxf4 f5 19.exf5 Bxf5 20.Bxa6 bxa6 21.Qf2 Re8 
22.Bd4 Qe7 23.Rxh4+ Kg8 24.Bxg7 Kxg7 25.Qd4+ Qe5 26.Rd1 Qxd4+ 27.Rhxd4 
Rab8 28.R1d2 Re7 29.Rc4 Rbb7 30.Rc6 Rb6 31.g4 Bd7 32.Rc7 Rf7 33.Rxa7 Bb5 
34.Rxf7+ Kxf7 35.Ne4 Ke7 36.Kf2 a5 37.Ke3 a4 38.h4 Bd7 39.h5 1-0

[Event "EUSKADI 2011"]
[Site "Zornotza, BIZKAIA - SPAIN"]
[Date "2011.04.24"]
[Round "2"]
[White "Hernandez Perez, Jesus"]
[Black "Wu Martin, Eneko"]
[Result "1/2-1/2"]
[WhiteElo "2040"]
[BlackElo "2136"]
[EventDate "2011.04.23"]
[PlyCount "10"]

1.d4 Nf6 2.Bf4 e6 3.e3 b6 4.Nf3 Bb7 5.Bd3 Be7 6.O-O O-O 7.Nbd2 Nh5 8.Bg3 
Nxg3 9.hxg3 d6 10.Re1 Nd7 11.e4 e5 12.c3 c5 13.dxc5 dxc5 14.Nc4 Qc7 15.a4 
a6 16.Ne3 Nf6 17.Qc2 g6 18.c4 Bd6 19.Nd2 Qd7 20.Nb1 Rac8 21.Nc3 Rfd8 22.
Red1 Bc6 23.Be2 Kg7 24.b3 h5 25.Bf3 Rh8 26.Ncd5 Nxd5 27.Nxd5 Bxd5 28.Rxd5 
Qe7 29.Rad1 Rcd8 30.R5d3 1/2-1/2

[Event "EUSKADI 2011"]
[Site "Zornotza, BIZKAIA - SPAIN"]
[Date "2011.04.24"]
[Round "2"]
[White "Diaz Herrero, Alvaro"]
[Black "Irure Crespo, Egoitz"]
[Result "1-0"]
[WhiteElo "2126"]
[BlackElo "2000"]
[EventDate "2011.04.23"]
[PlyCount "27"]

1.e4 d5 2.exd5 Qxd5 3.Nf3 Bf5 4.Be2 Nf6 5.d4 e6 6.O-O c6 7.c4 Qd8 8.Nc3 
Be7 9.h3 O-O 10.Be3 Nbd7 11.Qc1 Qc7 12.Rd1 Rfd8 13.a3 Ne4 14.b4 Nxc3 15.
Qxc3 Bf6 16.Qc1 Nb6 17.Bf4 Qd7 18.Ra2 Rac8 19.a4 Be7 20.b5 cxb5 21.axb5 
Ra8 22.Qa1 Rdc8 23.Rxa7 Rxa7 24.Qxa7 Nxc4 25.Bxc4 Rxc4 26.Ne5 Bc5 27.Qb8+ 
1-0

[Event "EUSKADI 2011"]
[Site "Zornotza, BIZKAIA - SPAIN"]
[Date "2011.04.24"]
[Round "2"]
[White "Idiazabal Troyas, Aritz"]
[Black "Urretavizcaya Merino, Asier"]
[Result "1-0"]
[WhiteElo "1985"]
[BlackElo "2120"]
[EventDate "2011.04.23"]
[PlyCount "30"]

1.e4 c5 2.Nf3 d6 3.d4 Nf6 4.Nc3 cxd4 5.Nxd4 a6 6.Be3 e5 7.Nf3 Be7 8.Bc4 
O-O 9.O-O Be6 10.Bxe6 fxe6 11.Na4 Ng4 12.Qd3 b5 13.Nb6 Nxe3 14.Qxe3 Ra7 
15.Nd5 exd5 16.Qxa7 dxe4 17.Nd2 d5 18.Rad1 Nc6 19.Qxa6 Nd4 20.Kh1 Rf6 21.
Qa7 Rh6 22.Nxe4 Bc5 23.Nf6+ Qxf6 24.Qa8+ Bf8 25.Qxd5+ Kh8 26.Rd3 Qe6 27.
Qxe6 Rxe6 28.Re1 Nxc2 29.Re4 Rd6 30.Rxd6 Bxd6 31.f4 Kg8 32.fxe5 Be7 33.e6 
Kf8 34.a4 bxa4 35.Rc4 a3 36.Rxc2 a2 37.Rc8+ 1-0

[Event "EUSKADI 2011"]
[Site "Zornotza, BIZKAIA - SPAIN"]
[Date "2011.04.24"]
[Round "2"]
[White "Axpe Balenciaga, Iñigo"]
[Black "Miguelez Garcia, Erlantz"]
[Result "1/2-1/2"]
[WhiteElo "2115"]
[BlackElo "1957"]
[EventDate "2011.04.23"]
[PlyCount "10"]

1.d4 Nf6 2.Nf3 e6 3.Bf4 b6 4.e3 Bb7 5.Nbd2 Be7 6.Bd3 c5 7.c3 d6 8.h3 Nbd7 
9.O-O O-O 10.Qe2 Re8 11.e4 Nf8 12.Rfd1 Ng6 13.Bh2 Qc7 14.Ng5 e5 15.Bc4 Rf8
16.Rac1 h6 17.Ngf3 Nh5 18.g3 Nf6 19.g4 Rad8 20.Bg3 Rfe8 21.Bb5 Nd7 22.d5 
a6 23.Bd3 b5 24.Nf1 c4 25.Bb1 Nf4 26.Bxf4 exf4 27.N1d2 Bf6 28.Qf1 g6 29.
Ne1 Nc5 30.Bc2 Kg7 31.Nef3 Qe7 32.Re1 Nd7 33.Nb1 Ne5 34.Nbd2 Bc8 35.Nxe5 
Bxe5 36.Nf3 h5 37.Qg2 hxg4 38.hxg4 Rh8 39.Kf1 f6 40.Ke2 Qd7 41.Nxe5 fxe5 
42.f3 Qa7 43.Kd2 Rh4 44.Re2 Rdh8 45.Qf2 Qc7 46.Rg1 g5 47.Rg2 Kf6 48.a3 Bd7
49.Qg1 Be8 50.Rh2 Kg7 51.Rxh4 Rxh4 52.Rh2 Rxh2+ 53.Qxh2 Qb6 54.Qe2 a5 55.
Bd1 Qc5 56.Kc1 Kf6 57.Kb1 b4 58.axb4 axb4 59.cxb4 Qxb4 60.Qc2 Bb5 61.Qc3 
Qc5 62.Qc2 Qg1 63.Ka2 Ke7 64.Qd2 Qa7+ 65.Kb1 Qd4 66.Kc1 Qc5 67.Kb1 Ba6 
1/2-1/2

[Event "EUSKADI 2011"]
[Site "Zornotza, BIZKAIA - SPAIN"]
[Date "2011.04.25"]
[Round "3"]
[White "Alcaide Luque, Aitor"]
[Black "Diaz Herrero, Alvaro"]
[Result "0-1"]
[WhiteElo "2192"]
[BlackElo "2126"]
[EventDate "2011.04.23"]
[PlyCount "104"]

1.d4 g6 2.c4 d6 3.e4 e5 4.d5 Bh6 5.Bxh6 Nxh6 6.Qd2 Ng4 7.f3 Nf6 8.Bd3 Nbd7
9.Nh3 Qe7 10.Nf2 h5 11.Nc3 Nc5 12.Bc2 a5 13.O-O-O Kf8 14.h4 Kg7 15.g3 Bd7 
16.f4 Rhb8 17.a4 Qe8 18.b3 Ra6 19.Kb2 Rb6 20.Ka3 c6 21.f5 Rb4 22.g4 b5 23.
dxc6 Rxb3+ 24.Bxb3 b4+ 25.Ka2 bxc3 26.Qxd6 Rxb3 27.Qxc5 Rb2+ 28.Ka1 Qb8 
29.Qa3 Bxc6 30.Rb1 hxg4 31.Nd3 Bxe4 32.Qxc3 Rxb1+ 33.Rxb1 Qd6 34.Rd1 gxf5 
35.c5 Qd7 36.Nb2 Qc7 37.Rd6 Nd7 38.Qe3 f6 39.Nd3 Bxd3 40.Qxd3 Nxc5 41.Qd5 
Nb3+ 42.Kb2 Qc1+ 43.Kxb3 Qb1+ 44.Kc4 Qa2+ 45.Kb5 Qxd5+ 46.Rxd5 g3 47.Rd1 
f4 48.Kc4 f3 49.Kd3 f5 50.Ke3 e4 51.Rd6 Kf7 52.h5 f4+ 0-1

[Event "EUSKADI 2011"]
[Site "Zornotza, BIZKAIA - SPAIN"]
[Date "2011.04.25"]
[Round "3"]
[White "Cendagortagalarza Rodriguez, Jo"]
[Black "Villalta Bustillo, Igor"]
[Result "0-1"]
[WhiteElo "1696"]
[BlackElo "2182"]
[EventDate "2011.04.23"]
[PlyCount "58"]

1.e4 e5 2.d4 exd4 3.Qxd4 Nc6 4.Qe3 Nf6 5.Nc3 g6 6.Bd2 Bg7 7.O-O-O O-O 8.h4
Re8 9.Qf4 d6 10.Be2 Ne5 11.h5 c6 12.hxg6 fxg6 13.f3 b5 14.g4 Be6 15.b3 a5 
16.Qh2 a4 17.g5 axb3 18.cxb3 Nh5 19.f4 b4 20.Na4 Rxa4 21.bxa4 Qa5 22.fxe5 
Qc5+ 23.Kb1 Bxa2+ 24.Kxa2 Qc2+ 25.Ka1 Rxe5 26.Bc4+ Qxc4 27.Rc1 Rc5+ 28.Bc3
bxc3 29.Qa2 c2+ 0-1

[Event "EUSKADI 2011"]
[Site "Zornotza, BIZKAIA - SPAIN"]
[Date "2011.04.25"]
[Round "3"]
[White "Wu Martin, Eneko"]
[Black "Idiazabal Troyas, Aritz"]
[Result "1-0"]
[WhiteElo "2136"]
[BlackElo "1985"]
[EventDate "2011.04.23"]
[PlyCount "103"]

1.e4 c5 2.d4 cxd4 3.f4 Nc6 4.Nf3 d5 5.e5 Qb6 6.Bd3 Nh6 7.O-O Nb4 8.Kh1 Bf5
9.Na3 a6 10.Re1 e6 11.Qe2 Rc8 12.Rd1 Bc5 13.h3 Bxd3 14.cxd3 Nf5 15.Kh2 h5 
16.Bd2 Nc6 17.Rab1 Bb4 18.Nc2 Bxd2 19.Qxd2 Ne3 20.Rdc1 Ke7 21.b4 Kd7 22.a4
Ne7 23.a5 Qa7 24.b5 N7f5 25.b6 Qb8 26.Ncxd4 Ng4+ 27.Kg1 Ngh6 28.Nb3 f6 29.
Qb4 Rhe8 30.Rxc8 Rxc8 31.Nc5+ Ke8 32.Qa4+ Kf7 33.Qd7+ Kg6 34.Nxe6 Rg8 35.
Rc1 Qe8 36.Qxd5 Qa4 37.Ned4 Qa3 38.Qc4 Ne3 39.Qc3 Qa2 40.Nc2 Nhf5 41.d4 
Nd5 42.Qd3 Kh6 43.Qxf5 Qb2 44.Re1 Ne7 45.Qd3 Rc8 46.Ne3 Rc3 47.Qd2 Qb3 48.
d5 Rd3 49.Qc2 Rxe3 50.Qxb3 Rxb3 51.d6 Nc6 52.e6 1-0

[Event "EUSKADI 2011"]
[Site "Zornotza, BIZKAIA - SPAIN"]
[Date "2011.04.25"]
[Round "3"]
[White "Arce Balluerca, Jorge"]
[Black "Axpe Balenciaga, Iñigo"]
[Result "1/2-1/2"]
[WhiteElo "2068"]
[BlackElo "2115"]
[EventDate "2011.04.23"]
[PlyCount "31"]

1.Nf3 d6 2.g3 e5 3.d3 g6 4.Bg2 Bg7 5.Nc3 Nf6 6.O-O c6 7.Rb1 O-O 8.b4 Qc7 
9.b5 Nbd7 10.bxc6 bxc6 11.Ba3 Re8 12.Nd2 Bb7 13.Bxd6 Qxd6 14.Rxb7 Nc5 15.
Rb1 e4 16.dxe4 1/2-1/2

[Event "EUSKADI 2011"]
[Site "Zornotza, BIZKAIA - SPAIN"]
[Date "2011.04.25"]
[Round "3"]
[White "Miguelez Garcia, Erlantz"]
[Black "Hernandez Perez, Jesus"]
[Result "1/2-1/2"]
[WhiteElo "1957"]
[BlackElo "2040"]
[EventDate "2011.04.23"]
[PlyCount "93"]

1.c4 e6 2.Nc3 f5 3.g3 Nf6 4.Bg2 Be7 5.d3 O-O 6.Bg5 d6 7.e3 Nbd7 8.Nge2 e5 
9.b4 a5 10.a3 h6 11.Bxf6 Nxf6 12.O-O c6 13.d4 axb4 14.axb4 Rxa1 15.Qxa1 
Be6 16.d5 cxd5 17.cxd5 Bf7 18.Qa2 Qb6 19.Qc4 Ra8 20.Rc1 Be8 21.h3 Bd7 22.
e4 Rc8 23.Qb3 fxe4 24.Nxe4 Rxc1+ 25.Nxc1 Nxe4 26.Bxe4 Bxh3 27.Qa4 Qd8 28.
Qb5 Qc8 29.Kh2 Bd7 30.Qf1 Qc3 31.Nd3 Bb5 32.Qe2 Bxd3 33.Bxd3 Qxb4 34.Qh5 
Qa4 35.Bf5 Kf8 36.Bg6 Qd7 37.Bf5 Qe8 38.Bg6 Qd8 39.Qf5+ Kg8 40.Bf7+ Kh8 
41.Qg6 Bf8 42.Be6 Qf6 43.Qc2 b5 44.Kg2 g5 45.Qc6 b4 46.Qb7 h5 47.Qxb4 
1/2-1/2

[Event "EUSKADI 2011"]
[Site "Zornotza, BIZKAIA - SPAIN"]
[Date "2011.04.25"]
[Round "3"]
[White "Diez Fraile, David"]
[Black "Urretavizcaya Merino, Asier"]
[Result "1-0"]
[WhiteElo "2165"]
[BlackElo "2120"]
[EventDate "2011.04.23"]
[PlyCount "51"]

1.e4 c5 2.Nf3 d6 3.d4 cxd4 4.Nxd4 Nf6 5.Nc3 a6 6.f3 e5 7.Nb3 Be6 8.Be3 
Nbd7 9.g4 b5 10.g5 b4 11.Ne2 Nh5 12.Qd2 Be7 13.Ng3 Nf4 14.h4 h6 15.Bxf4 
exf4 16.Nh5 hxg5 17.Nxg7+ Kf8 18.Nxe6+ fxe6 19.Nd4 Nc5 20.Bc4 d5 21.exd5 
exd5 22.Nc6 Qd6 23.Bxd5 Bf6 24.O-O-O gxh4 25.Qxb4 Rc8 26.Be4 1-0

[Event "EUSKADI 2011"]
[Site "Zornotza, BIZKAIA - SPAIN"]
[Date "2011.04.25"]
[Round "3"]
[White "Irure Crespo, Egoitz"]
[Black "Agirretxe San Sebastian, Jesus"]
[Result "0-1"]
[WhiteElo "2000"]
[BlackElo "2165"]
[EventDate "2011.04.23"]
[PlyCount "74"]

1.d4 Nf6 2.Nf3 e6 3.Bf4 c5 4.c3 Nc6 5.e3 Be7 6.Bd3 d5 7.Ne5 Qb6 8.Qb3 Nxe5
9.Bxe5 Qxb3 10.axb3 Bd7 11.Na3 a6 12.Nb5 O-O 13.Nd6 Bc6 14.dxc5 Nd7 15.Bg3
Nxc5 16.Bc2 f5 17.c4 f4 18.Bxf4 Rxf4 19.exf4 Bxd6 20.b4 Ne4 21.b5 Bd7 22.
bxa6 bxa6 23.cxd5 exd5 24.Bxe4 dxe4 25.O-O-O Bxf4+ 26.Kb1 Bb5 27.g3 Bd3+ 
28.Ka2 Bc7 29.Rhe1 Ba5 30.Re3 Bb6 31.Ree1 Bxf2 32.Rh1 Rb8 33.g4 Bc4+ 34.
Ka1 e3 35.Rd4 Bb5 36.Rf4 Rf8 37.Rxf8+ Kxf8 0-1